000 02745nam a22002537a 4500
003 Uzh_bibl
008 260508b |||||||| |||| 00| 0 ukr d
020 _a978-966-637-812-8
_c74.00
040 _bукр.
041 _2ukr
_aukr
080 _a821(477)
090 _a821(477)
_bЯ 73
100 _aЯріш,Ярослав
245 _aСудний день
_cхудож. -оформлювач Л. П. Вировець
_hТекст
260 _aХарків
_bФакт
_c2016
300 _a300 с.
_fВ опр.
520 _a"Гомоніла Україна, Довго гомоніла, Довго, довго кров степами Текла-червоніла"... Зі шкільної парти ми пам'ятаємо, як Шевченко у своїй безсмертній поемі "Гайдамаки" "скликав" у Холодний Яр відважне гайдамацтво, а ми з хвилюванням слідкували за долями Гонти, Залізняка і Яреми Галайди. Та чи було все саме так, як описував Великий Кобзар? Як зараз нам ставитися до кривавих подій Коліївщини? Що це було: стихійне повстання українського селянства, спланована війна за відновлення незалежності Української Держави чи "багатоходівка" Російської імперії? На це питання дає відповідь новий роман Ярослава Яріша "Судний день". Його сюжет заводить нас у жорстоке XVIII століття, де поміж темних пущ Холодного Яру та глибоких байраків запорозького степу кувалися свячені ножі, у той час як у замках і палацах жирувало знавісніле від безкарності панство. Ось-ось "заспівають треті півні", впаде іскра у порох і велике пожарище затопить всю Україну, спом'янувши горді часи Хмельницького і Палія. Усе ніби й просто... Але була ще й третя сила...
521 _aДля широкого кола читачів
546 _aукр.
650 _aЛітературно-художнє видання
653 _aХолодний Яр
_aЧаси Хмельницького
655 _aСучасна проза
_vРоман
_yXVIII ст.
_zУкраїна
942 _2udc
_cBK
999 _c17691
_d17691